Teatro escogido (Registro nro. 87187)

Detalles MARC
000 -ENCABEZADO
Número de control [NR] 00636nam a22001697a 4500
008 - DE LONGITUD FIJA DE DATOS DE ELEMENTOS - INFORMACIÓN GENERAL
Elementos de longitud fija [NR] 130821s1877 gw gr spa
040 ## - FUENTE DE CATALOGACION [NR]
Agencia de catalogación original [NR] Co-BoUCM
Idioma de catalogación [NR] spa
041 00 - CODIGO DE IDIOMA [R]
Código de idioma para texto/pista de sonido o título separado [R] Español
100 ## - ASIENTO PRINCIPAL--NOMBRE PERSONAL [NR]
Nombre personal [NR] Calderon de La Barca, Pedro
Fechas asociadas con el nombre [NR] 1600-1681
ID Autoridad 542
245 00 - MENCION DE TITULO [NR]
Título [NR] Teatro escogido
Mención de responsabilidad, etc. [NR] Pedro Calderón de la Barca
260 ## - PUBLICACION, DISTRIBUCION, ETC. (PIE DE IMPRENTA) [R]
Lugar de publicación, distribución, etc. [R] Leipzig (Sajonia, Alemania)
Nombre del editor, distribuidor, etc. [R] F. A. Bockous
Fecha de publicación, distribución, etc. [R] 1877
300 ## - DESCRIPCION FISICA [R]
Extensión [R] 3 volúmenes
490 ## - MENCION DE SERIE [R]
Mención de serie [R] Colección española
500 ## - NOTA GENERAL [R]
Nota general [NR] v. 1: La vida es un sueño - La devoción de la cruz - El principe constante - El mágico prodigioso
942 ## - ELEMENTOS DE ENTRADA AGREGADOS (KOHA)
Tipo de ítem principal el descrito en 300a Libro
Tema principal Literatura
Edición 1
Parte restante de la signatura top. C15
Título oculto en OPAC No
Sistema de clasificación DEWEY
Clasificación 860.3
Existencias
Signatura topográfica Código de barras Última vez visto Volúmen / Fascículo Ejemplar Price effective from Tipo de ítem Perdido Sistema de clasificación Dañado No prestable Tipo de ítem específico Suprimido Ubicación habitual Ubicación actual Localización Fecha de creación Forma de adquisición Costo Total préstamos
FCS 860.3 C15 120000372 06/07/2012 1877 V.1 Ej.1 03/02/2013 Libro   DEWEY     Fondos especiales     Archivo Histórico Archivo histórico 28/02/2003 Donación 1000.00  
FCS 860.3 C15 120000373 15/12/2012 1877 V.2 Ej.1 03/02/2013 Libro   DEWEY     Fondos especiales     Archivo Histórico Archivo histórico 28/02/2003 Donación 1000.00  
FCS 860.3 C15 120000374 06/07/2012 1877 V.3 Ej.1 03/02/2013 Libro   DEWEY     Fondos especiales   Bodega Bodega Préstamo 4 días después de solicitado 28/02/2003 Donación 1000.00